| 000 | 00649nam a2200205 i 4500 | ||
|---|---|---|---|
| 001 | 38283 | ||
| 003 | ES-MaACL | ||
| 005 | 20250316152408.0 | ||
| 007 | t| | ||
| 008 | 030225s1961 sp ||||1| spa d | ||
| 080 | _a091.141 | ||
| 100 | 1 |
_aCalderini, Aristide. _933590 |
|
| 245 | 1 | 0 |
_aTratado de papirología / _cAristide Calderini ; traducción de la última edición italiana por José O'Callaghan, S.J. |
| 260 |
_aBarcelona : _bGarriga, _c[1961] |
||
| 300 |
_a222 p., 2 lám. ; _c23 cm. |
||
| 650 |
_aPapiros. _9136652 |
||
| 700 | 1 |
_aO'Callaghan, José, _d1922-2001 _9140205 |
|
| 852 |
_aES-MaACL _jC-23076 |
||
| 999 |
_c38283 _d38283 |
||